Animaux en J - Statistiques

Statistiques générales
  • Ce quiz a été pris 137 fois
  • Le résultat moyen est 2 sur 22
Statistiques - réponses
hint answers % Correct
8 Jaguar
97%
21 Jument
44%
13 Jars
33%
9 Jaguarondi
8%
1 Jabiru
6%
20 Julienne
6%
14 Jaseur
4%
22 Junco
4%
15 Java
3%
3 Jacana
2%
4 Jacare
1%
12 Jardinier
1%
16 Javanais
1%
2 Jacamar
0%
5 Jacarini
0%
6 Jacquet
0%
7 Jagterrier
0%
10 Janthine
0%
11 Japyx
0%
17 Jharal
0%
18 Jocko
0%
19 Jubarte
0%
Aucun quiz correspondant
Distribution des résultats
% des personnes avec chaque résultat
Percentile par nombre de réponses
Votre historique - résultats
Vous n’avez pas pris ce quiz